SAJA BOYS (KPop Demon Hunters) - Membres du groupe - Statistiques

Statistiques générales
  • Ce quiz a été pris 70 fois
  • Le résultat moyen est 5 sur 5
Statistiques - réponses
Par images Réponse % Correct
Jinu Saja
98%
Baby Saja
97%
Abby Saja
90%
Mystery Saja
88%
Romance Saja
86%
Aucun quiz correspondant
Distribution des résultats
% des personnes avec chaque résultat
Percentile par nombre de réponses
Votre historique - résultats
Vous n’avez pas pris ce quiz